000 00654nam a22002297a 4500
003 UA-OsUOA
001 59076
007 ta
008 20090305b un ||||| |||| 00| 0 ukr d
090 _a330,83(477)
942 _cBK
040 _aUA-OsUOA
_bukr
_cUA-OsUOA
_dUA-OsUOA
245 _aЄ. Слуцький Визнання. Творча спадщина з погляду сучасності
_bВ.Д. Базилевич
300 _a919 с.
955 _a2
041 _aukr
080 _a330,83(477)
020 _a966-346-225-6
260 _aК.
_bЗнання
_c2007
650 7 _a330 Економіка взагалі
_2UDC
999 _c345159
_d345159